| 000 | 00374nam a2200145Ia 4500 | ||
|---|---|---|---|
| 008 | 210716s1992 xx 000 0 und d | ||
| 041 | _aeng | ||
| 082 | _a005.133 BALE | ||
| 100 | _aBalagurusamy E. | ||
| 245 | _aProgramming in ansi c. | ||
| 250 | _a2 | ||
| 260 |
_aNew Delhi _bTata McGraw Hill Publishing Company Ltd _c1992 |
||
| 300 | _axi,411 | ||
| 650 | _aC Programming | ||
| 999 |
_c182235 _d182235 |
||